00665nam a2200181 a 450000100100000000500170001000800410002704000130006808200150008110000440009624500990014026000380023930000350027750000320031204900090034495201130035399900170046600001619120200929164319.0100301s1992 dr ac 000 0 spa d aDO-SdBNP axxxbG643j1 aGonzález Cahuante, L. Almanzor93622513aEl juicio del siglo :bproceso Jorge Blanco - Cuervo Gomez /cL. Almanzor González Cahuante. aSanto Domingo :bCorripio,c1992. a977 p. :bil., retr. ;c24 cm. aIncluye índice de nombres aBNPD 0010718PDaPDbPDcCTd2010-03-01iLF1l0oxxx G643jp16191-10r2020-06-25w2020-06-25yLFPDZNo se presta c15730d15730